书目信息 |
| 题名: |
史玉柱自述
|
|
| 作者: | 史玉柱 口述 ;优米网 编著 | |
| 分册: | ||
| 出版信息: | 北京 同心出版社 2013.06 |
|
| 页数: | 252页 | |
| 开本: | 24cm | |
| 丛书名: | ||
| 单 册: | ||
| 中图分类: | F723.0 | |
| 科图分类: | ||
| 主题词: | 市场营销学--经验--中国 | |
| 电子资源: | ||
| ISBN: | 978-7-5477-0850-7 | |
| 000 | 00711nam0 2200229 450 | |
| 001 | 1363805234 | |
| 005 | 20150617094418.09 | |
| 010 | @a978-7-5477-0850-7@dCNY42.00 | |
| 100 | @a20131007d2013 km y0chiy0120 ea | |
| 101 | 0 | @achi |
| 102 | @aCN@b110000 | |
| 105 | @ay z 000yy | |
| 200 | 1 | @a史玉柱自述@Ashi yu zhu zi shu@e我的营销心得@f史玉柱口述@Fshi yu zhu kou shu@g优米网编著@Gyou mi wang bian zhu |
| 210 | @a北京@c同心出版社@d2013.06 | |
| 215 | @a252页@d24cm | |
| 517 | 1 | @a我的营销心得@Awo de ying xiao xin de |
| 606 | 0 | @a市场营销学@x经验@y中国 |
| 690 | @aF723.0@v5 | |
| 701 | 0 | @a史玉柱@Ashi yu zhu@4口述 |
| 711 | 02 | @a优米网@Ayou mi wang@4编著 |
| 801 | 0 | @aCN@c20131007 |
| 905 | @dF723.0@eS593@f3 | |
| 史玉柱自述:我的营销心得/史玉柱口述/优米网编著.-北京:同心出版社,2013.06 |
| 252页;24cm |
| ISBN 978-7-5477-0850-7:CNY42.00 |
| ● |
| 相关链接 |
|
|
|
正题名:史玉柱自述
索取号:F723.0/S593
 
预约/预借
| 序号 | 登录号 | 条形码 | 馆藏地/架位号 | 状态 | 备注 |
| 1 | 497147 | 204971478 | 社科库409/409社科库 47排2列2层/ [索取号:F723.0/S593] | 在馆 | |
| 2 | 809144 | 208091447 | 社科二线422/409社科库 47排2列3层/ [索取号:F723.0/S593] | 在馆 | |
| 3 | 809145 | 208091456 | 社科库409/409社科库 47排2列2层/ [索取号:F723.0/S593] | 在馆 | |
| 4 | 809146 | 208091465 | 社科库409/409社科库 47排2列2层/ [索取号:F723.0/S593] | 在馆 |